000 00422nam a2200145Ia 4500
008 220214s9999 xx 000 0 und d
022 _a1058-5893
245 0 _aINTERNATIONAL JOURNAL OF PLANT SCIENCES
247 _aBotanical Gazette
260 _bThe University of Chicago Press, Chicago
_aUSA
310 _aBM
500 _aEnding Volume & Year: 161, 2000
500 _aStarting Volume & Year: 153, 1992
942 _cBJ
999 _c17794
_d17794